A l'écoute de l'origine : La Genèse autrement (notice n° 1565901)
[ vue normale ]
| 000 -LEADER | |
|---|---|
| fixed length control field | 00871cam a2200133 4500500 |
| 005 - DATE AND TIME OF LATEST TRANSACTION | |
| control field | 20251130002920.0 |
| 041 ## - LANGUAGE CODE | |
| Language code of text/sound track or separate title | fre |
| 042 ## - AUTHENTICATION CODE | |
| Authentication code | dc |
| 100 10 - MAIN ENTRY--PERSONAL NAME | |
| Personal name | Thayse, André |
| Relator term | author |
| 245 00 - TITLE STATEMENT | |
| Title | A l'écoute de l'origine : La Genèse autrement |
| 260 ## - PUBLICATION, DISTRIBUTION, ETC. | |
| Name of publisher, distributor, etc. | L'Harmattan,<br/> |
| Date of publication, distribution, etc. | 2005.<br/> |
| 520 ## - SUMMARY, ETC. | |
| Summary, etc. | L’objet de cet ouvrage est de proposer une lecture des onze premiers chapitres de la Genèse - considérés comme une de ses parties les plus signifiantes - à la lumière des travaux d’auteurs contemporains dont les résultats ne sont souvent accessibles que dans des revues et des ouvrages spécialisés. En particulier, une attention toute spéciale est prêtée au rapport «science-foi» et à la dichotomie «vérité scientifique - vérité humaine». |
| 856 41 - ELECTRONIC LOCATION AND ACCESS | |
| Uniform Resource Identifier | <a href="https://shs.cairn.info/a-lecoute-de-lorigine--9782747576796?lang=fr&redirect-ssocas=7080">https://shs.cairn.info/a-lecoute-de-lorigine--9782747576796?lang=fr&redirect-ssocas=7080</a> |
Pas d'exemplaire disponible.




Réseaux sociaux